| 000 | 00768nam a22002537a 4500 | ||
|---|---|---|---|
| 001 | 7586 | ||
| 003 | FISKH | ||
| 005 | 20250725083115.0 | ||
| 008 | 250725b cb ||||| |||| 00| 0 eng d | ||
| 040 |
_aFISKH _beng _cFISKH _dFISKH |
||
| 050 | _aPZ7.F66983 C | ||
| 082 | _a823.9 | ||
| 100 | _aFloyd, Madeleine | ||
| 245 |
_aCaptain's Purr / _cby Madeleine Floyd |
||
| 260 |
_aFlorida : _bHarcort Books, _c2003. |
||
| 300 |
_a24 pages : _bcolor illustrations ; _c30 cm |
||
| 505 | _aE | ||
| 520 | _aA cat named Captain enjoys a number of activities, especially spending time with his sweetheart. | ||
| 521 | 8 |
_a200
_bLexile estimate |
|
| 521 | 8 |
_aE
_bRaz-Plus |
|
| 650 |
_aPicture Book _vChildren's Fiction _xCats |
||
| 942 |
_2ddc _cBK _n0 |
||
| 999 |
_c7586 _d7586 |
||